| 000 | 00607nam a22002057a 4500 | ||
|---|---|---|---|
| 003 | BUBTL | ||
| 008 | 160407b xxu||||| |||| 00| 0 eng d | ||
| 020 | _a978-0-19-808456-3 | ||
| 082 | _a005.133 / D53c | ||
| 100 |
_93354 _aDey, Pradip |
||
| 245 |
_aComputer Fundamentals And Programming In C / _cPradip Dey, Manas Ghosh |
||
| 250 | _a2nd ed. | ||
| 260 |
_aNew Delhi : _bOxford University Press, _cc2013. |
||
| 300 |
_av,480 p. _c28 cm. |
||
| 650 | 0 |
_9457 _aComputer Science |
|
| 700 |
_93356 _aGhosh, Manas |
||
| 856 |
_k0 _l0 _yDownload |
||
| 942 |
_2ddc _cBK |
||
| 999 |
_c5207 _d5207 |
||